| 000 | 00607nam a2200145Ia 4500 | ||
|---|---|---|---|
| 008 | 090122s9999 xx 000 0 und d | ||
| 082 |
_b5137 _a616 |
||
| 100 |
_aगाला _bधनलाल |
||
| 245 | _aमधुमेह व उच्च रक्तदाब दूर ठेवा जन्मभर | ||
| 600 | _aगाला | ||
| 630 | _aमधुमेह व उच्च रक्तदाब दूर ठेवा जन्मभर | ||
| 700 | _aगाला | ||
| 730 | _aमधुमेह व उच्च रक्तदाब दूर ठेवा जन्मभर | ||
| 942 | _cBOOK | ||
| 999 |
_c29215 _d29215 |
||